Kolektivna varnost v Evropi in Sloveniji

Skúmanie kooperatívnej bezpečnosti, ako strategickej alternatívy k tradičným modelom, zameraným na moc v rámci európskej bezpečnostnej politiky. Zasadzovanie sa za revitalizáciu kooperatívnych mechanizmov s cieľom riešiť vznikajúce hrozby a obnoviť dôveru vo vyvíjajúcu sa európsku bezpečnostnú archi...

Descripción completa

Guardado en:
Detalles Bibliográficos
Autor principal: Juvan, Jelena
Otros Autores: Csányi, Peter, 1978-
Formato: Capítulo de libro
Lenguaje:inglés
Materias:
Etiquetas: Agregar Etiqueta
Sin Etiquetas, Sea el primero en etiquetar este registro!

MARC

LEADER 00000naa a2200000 4500
001 0311721
005 20250729095334.2
041 0 |a eng 
044 |a SI 
245 1 0 |a Kolektivna varnost v Evropi in Sloveniji  |c Jelena Juvan, Peter Csányi 
520 |a Skúmanie kooperatívnej bezpečnosti, ako strategickej alternatívy k tradičným modelom, zameraným na moc v rámci európskej bezpečnostnej politiky. Zasadzovanie sa za revitalizáciu kooperatívnych mechanizmov s cieľom riešiť vznikajúce hrozby a obnoviť dôveru vo vyvíjajúcu sa európsku bezpečnostnú architektúru. 
610 2 0 |a Slovinsko 
610 2 0 |a Európska únia 
610 2 0 |a bezpečnosť 
610 2 0 |a bezpečnosť európska 
610 2 0 |a bezpečnosť medzinárodná 
610 2 0 |a NATO 
610 2 0 |a politika 
610 2 0 |a politika bezpečnostná 
610 2 0 |a obrana štátu 
100 1 |a Juvan, Jelena 
700 1 |a Csányi, Peter, 1978-